Who Played That Film Part - Statistics

General Stats
  • This quiz has been taken 25 times
  • The average score is 16 of 20
Answer Stats
Question Answer % Correct
Willy Wonka Johnny Depp
100%
Dorothy Gale Judy Garland
100%
Mr Bean Rowan Atkinson
100%
Atticus Finch Gregory Peck
93%
Don Vito Corleone Marlon Brando
93%
Austin Powers Mike Myers
93%
Batman Val Kilmer
93%
Norman Bates Anthony Perkins
86%
Fanny Brice Barbra Striesand
86%
Maria Von Trapp Julie Andrews
86%
Calamity Jane Doris Day
79%
Superman Henry Cavill
79%
Sandy Olsson Olivia Newton-John
79%
Baby Jane Hudson Bette Davis
71%
George Bailey James Stewart
71%
Harry Palmer Michael Caine
71%
Flash Gordon Sam Jones
64%
CC Bloom Bette Midler
43%
The Boston Strangler Tony Curtis
36%
Marryin' Sam Stubby Kaye
29%
No matching quizzes found
Score Distribution
Percent of People with Each Score
Percentile by Number Answered
Your Score History
You have not taken this quiz